000 00506nam a2200169Ia 4500
008 140527s9999 xx 000 0 und d
020 _a9789712351280
050 _aDS 675.8R66
_b.P974 2008
100 _aPurino, Anacoreta P.
245 _aRizal, the greatest Filipino hero /
_cAnacoreta P.Purino.
260 _aManila :
_bRex Book Store,
_cc2008.
300 _a166 p. :
_c22 cm.
500 _aIncludes bibliographical references and index.
521 _aGE
942 _kLOC
_cBK
999 _c117533
_d117533